The everything green wedding book : plan an elegant, affordable, earth-friendly wedding (Record no. 285118)
[ view plain ]
| 000 -LEADER | |
|---|---|
| fixed length control field | 00296nam a2200085Ia 4500 |
| 008 - FIXED-LENGTH DATA ELEMENTS--GENERAL INFORMATION | |
| fixed length control field | 210817s9999 xx 000 0 und d |
| 100 ## - MAIN ENTRY--PERSONAL NAME | |
| Personal name | NAPOLITANO, Wenona Avon, MA, 2009 |
| 9 (RLIN) | 80804 |
| 245 #0 - TITLE STATEMENT | |
| Title | The everything green wedding book : plan an elegant, affordable, earth-friendly wedding |
| 942 ## - ADDED ENTRY ELEMENTS | |
| item type | Books |
No items available.